000 00558nam a2200205 a 4500
005 20240925065605.0
008 011023s1990 mx r 000 0 spa d
020 _a9682316359
035 _aUPN01000113378
049 _aCG
050 4 _aHM136
_bH3.2
100 _aHarnecker, Marta
245 1 0 _aAmerica Latina :
_bizquierda y crisis actual /
_cMarta Harnecker.
260 _aMéxico :
_bSiglo XXI,
_c1990.
300 _a305 p.
440 0 _aSociología y política
650 2 _aConflicto social
_96949
650 4 _aSociología
_95756
905 _aLibro
999 _c87286
_d87286